|
|
|
|
| LEADER |
01085nam a2200277 a 4500 |
| 001 |
c000116257 |
| 003 |
CARM |
| 005 |
20000218081655.0 |
| 008 |
791227s1956 ja a b 000 0beng d |
| 019 |
1 |
|
|a 1575093
|z 28235727
|5 LACONCORD2021
|
| 035 |
|
|
|a (OCoLC)536474
|5 LACONCORD2021
|
| 040 |
|
|
|a WLN
|b eng
|c WLN
|d ANL
|
| 050 |
0 |
0 |
|a NE1325.H3
|b K6
|
| 082 |
0 |
4 |
|a 761
|
| 100 |
1 |
|
|a Kondo, Ichitaro,
|d 1910-1961.
|
| 245 |
0 |
0 |
|a Suzuki Harunobu, 1725?-1770.
|c Text by Ichitaro Kondo. Translated and adapted by Kaoru Ogimi.
|
| 250 |
|
|
|a [1st English ed.]
|
| 260 |
|
|
|a Tokyo,
|a Rutland, Vt.,
|b C. E. Tuttle Co.
|c [1956]
|
| 300 |
|
|
|a 1 v. (unpaged)
|b illus. (part col.)
|c 18 cm.
|
| 440 |
|
0 |
|a Kodansha library of Japanese art ;
|v no. 7
|
| 500 |
|
|
|a Title also in Japanese on t. p.
|
| 504 |
|
|
|a Bibliography: [1] p. at end.
|
| 600 |
0 |
0 |
|a Harunobu,
|d 1725?-1770.
|
| 852 |
8 |
|
|b CARM
|h A2:AL18A0
|i A02722
|p 0169690
|f BK
|
| 999 |
f |
f |
|i f3d48620-f054-5c8d-9648-5024c0aa544a
|s b9e76f92-d856-58ee-a8e2-db06b2d19943
|
| 952 |
f |
f |
|p Can circulate
|a CAVAL
|b CAVAL
|c CAVAL
|d CARM 1 Store
|e A02722
|f A2:AL18A0
|h Other scheme
|i book
|m 0169690
|